| 000 | 01078nam a2200265 a 4500 | ||
|---|---|---|---|
| 001 | 000030220 | ||
| 005 | 20200930060138.0 | ||
| 008 | 110505s1953 dr f 001 0 spa d | ||
| 040 |
_aDO-SdBNP _bspa _cBNPHU |
||
| 082 |
_a345.729302 _bR426c, 1953 |
||
| 110 | 1 |
_aRepública Dominicana. _9447 |
|
| 240 | 1 | 0 | _aCódigo de procedimiento criminal |
| 245 | 1 | 0 |
_aCódigo de procedimiento criminal de la República Dominicana : _bleyes que lo modifican y lo complementan / _cedición Darío Balcácer, Antonio Rosario. |
| 250 | _a2ª ed. | ||
| 260 |
_aCiudad Trujillo, República Dominicana, : _bLibrería Dominicana, _c1953. |
||
| 300 |
_a237 p. ; _c25 cm. |
||
| 504 | _aIncluye bibliografía y notas al pie de páginas. | ||
| 650 | 4 |
_aDerecho penal _xLegislación _zRepública Dominicana _916570 |
|
| 650 | 4 |
_aProcedimiento penal _xLegislación _zRepública Dominicana _916571 |
|
| 650 | 4 |
_aLeyes _zRepública Dominicana _93033 |
|
| 700 | 1 |
_aBalcácer, Darío, _eed. _956912 |
|
| 700 | 1 |
_aRosario, Antonio, _eed. _922267 |
|
| 910 | _aValidado. Control de calidad EMS | ||
| 049 | _aBNPD | ||
| 999 |
_c29712 _d29712 |
||